| 000 | 01104nam a2200313 i 4500 | ||
|---|---|---|---|
| 001 | 768714001 | ||
| 003 | CO-MdFUSB | ||
| 005 | 20210514105344.0 | ||
| 007 | ta | ||
| 008 | 200622t1967 us |||| |||| 00| 0 eng d | ||
| 020 | _a[No incluye ISBN] | ||
| 040 |
_aCO-MdFUSB _bspa _cCO-MdFUSB _dCO-MdFUSBC _erda |
||
| 041 | _aeng | ||
| 082 |
_223 _a227.106 _bM217 |
||
| 100 |
_aMaier, Walter A., _eautor |
||
| 245 | 4 |
_aThe christian under grace _b: according to Romans 6:1-14 _c/ Walter A Maier, |
|
| 264 | 1 |
_aIndiana : _bConcordia Theological Seminary Press, _c[1967] |
|
| 264 | 4 | _c© 1967 | |
| 300 |
_a122 páginas. _c; 28 cm |
||
| 336 |
_2rdacontent _atexto _btxt |
||
| 337 |
_2rdamedia _asin mediación _bn |
||
| 338 |
_2rdacarrier _avolumen _bnc |
||
| 505 | _aLa gracia que el cristiano ha recibido, según Romanos 6: 1-10. -- La gracia que el cristiano debe esforzarse por apropiarse, de acuerdo con romanos 6: 11-14. -- Resumen y conclusiones | ||
| 563 | _aRústico | ||
| 630 | 7 |
_aBiblia. _pRomanos _xCrítica, interpretación, etc. |
|
| 942 | _cBK | ||
| 945 | _aJTF-925 | ||
| 999 |
_c66210 _d66210 |
||